000 00281nam a22001337a 4500
008 170511b xxu||||| |||| 00| 0 eng d
020 _a9780314258281
041 _aeng
080 _23RD
_a342
100 _a15
101 _aSHJ
245 _aTORTS
_cKIONKA, E.J
942 _2udc
_cBK
999 _c13211
_d13211